Statistics for All Bundesliga Teams Ever

Click here to take the quiz!

General Stats

  • This quiz has been taken 9,270 times
    (6,512 since last reset)
  • The average score is 28 of 56

Answer Stats

Club% Correct
Bayern München
98%
Borussia Dortmund
94%
Hamburger SV
90%
1. FC Köln
86%
Eintracht Frankfurt
85%
VfB Stuttgart
80%
FC Schalke 04
80%
Hertha BSC Berlin
80%
Werder Bremen
79%
FC 08 Homburg
77%
Bayer 04 Leverkusen
77%
VfB Leipzig
73%
Hannover 96
73%
VfL Wolfsburg
73%
1. FC Nürnberg
72%
Borussia Mönchengladbach
72%
Fortuna Düsseldorf
72%
Dynamo Dresden
67%
1. FSV Mainz 05
62%
FC Augsburg
58%
SC Freiburg
57%
1899 Hoffenheim
57%
Union Berlin
57%
1. FC Kaiserslautern
56%
TSV 1860 München
54%
FC St. Pauli
50%
Rot-Weiss Essen
49%
Alemannia Aachen
48%
Arminia Bielefeld
48%
Hansa Rostock
46%
SC Paderborn 07
46%
VfL Bochum
45%
RB Leipzig
45%
MSV Duisburg
43%
Karlsruher SC
41%
FC Ingolstadt 04
39%
SV Waldhof Mannheim
39%
SV Darmstadt 98
38%
Eintracht Braunschweig
38%
SpVgg Greuther Fürth
36%
1. FC Saarbrücken
34%
Energie Cottbus
33%
SSV Ulm 1846
30%
Preußen Münster
29%
SpVgg Unterhaching
23%
Wuppertaler SV
23%
KFC Uerdingen 05
22%
Kickers Offenbach
22%
Stuttgarter Kickers
20%
Tasmania 1900 Berlin
19%
Rot-Weiß Oberhausen
19%
SC Fortuna Köln
18%
Tennis Borussia Berlin
18%
Wattenscheid 09
15%
Borussia Neunkirchen
12%
Blau-Weiß 90 Berlin
12%

Score Distribution

Percentile by Number Answered

Percent of People with Each Score

Your Score History

You have not taken this quiz since the last reset